| 000 | 00788cab a2200265 4500 | ||
|---|---|---|---|
| 001 | ABS59350 | ||
| 008 | 090401t1998 xxu||||| |||| 00| 0 eng d | ||
| 035 | _a(Sirsi) u88570 | ||
| 041 | _aeng | ||
| 100 | _aSmith, K. | ||
| 245 | _aManagement information: Balancing the books | ||
| 260 | _c1998 | ||
| 350 | _a0 | ||
| 490 |
_aProperty Week _v63(20) 11 September 1998, 38-39(2) |
||
| 520 | _aSecond in a series looking at management issues for the smaller business which discusses how to simplify budgeting. Table. | ||
| 650 | _aACCOUNTS | ||
| 650 | _aBUDGETING | ||
| 650 | _aMANAGEMENT | ||
| 650 | _aSMALL BUSINESSES | ||
| 690 | _aMANAGEMENT-BUSINESS MANAGEMENT-PROFESSIONAL PRACTICE | ||
| 700 | _aWalsh, J | ||
| 700 | _aMerron, M, | ||
| 942 | _n0 | ||
| 948 | _c22/09/1998 | ||
| 999 |
_c55979 _d55979 |
||